|
|
|
|
| LEADER |
00000nab a2200000 a 4500 |
| 001 |
vtls000736916 |
| 003 |
SK-MaSNL |
| 005 |
20260304182537.0 |
| 008 |
180206c2000 xo 0 slo |
| 015 |
|
|
|a SNBRB2000/11-31498
|
| 035 |
|
|
|a CLN000088783
|
| 040 |
|
|
|a SNKBUCL
|b slo
|c SNKBUCL
|e AACR2
|
| 041 |
0 |
|
|a slo
|
| 044 |
|
|
|a xo
|c SK
|
| 080 |
|
|
|a 943.76"1918"
|2 UDC-MRF-SK2
|
| 100 |
1 |
|
|a Kováč, Dušan,
|d 1942-
|4 aut
|9 88196
|
| 245 |
1 |
0 |
|a Pravdivé poznanie o sebe
|b Martinskou deklaráciou sa Slováci vyslovili za spoločný štát
|c Dušan Kováč
|
| 300 |
|
|
|b Obr.
|
| 630 |
0 |
7 |
|a Deklarácia slovenského národa
|d (1918 október 30.)
|2 snkbucl
|9 14212
|
| 651 |
|
7 |
|a Slovensko
|x dejiny
|2 snkbucl
|9 13278
|
| 655 |
|
7 |
|a články z novín a časopisov
|2 snkbucl
|9 267496
|
| 773 |
0 |
|
|t Verejná správa
|g Roč. 55, č. 22 (2000), s. 26-27
|
| 850 |
|
|
|a Slovenská národná knižnica v Martine
|
| 852 |
|
|
|a SNK
|b KIS3GCP
|
| 958 |
|
|
|a RBX
|
| 999 |
|
|
|c 3029910
|d 3031840
|